[Event "Vojvodina-ch 5th"]
[Site "Novi Sad"]
[Date "2014.07.18"]
[Round "9"]
[White "Cvetanovic, Damjan"]
[Black "Cengija, Vanja"]
[Result "0-1"]
[WhiteElo "2027"]
[BlackElo "2263"]
[PlyCount "114"]
[EventDate "2014.07.12"]
[EventType "swiss"]
[EventRounds "9"]
[EventCountry "YUG"]
[SourceTitle "CBM 161 Extra"]
[Source "ChessBase"]
[SourceDate "2014.08.29"]
[SourceVersion "1"]
[SourceVersionDate "2014.08.29"]
[SourceQuality "1"]

1. d4 d5 2. Nf3 Nf6 3. g3 c6 4. Bg2 Bf5 5. 0-0 e6 6. c4 Nbd7 7. b3 Be7 8. Nc3 0-0 9. Nh4 Bg4 10. h3 Bh5 11. g4 Bg6 12. Nxg6 hxg6 13. e3 Re8 14. Qc2 Bd6 15. f4 Rc8 16. c5 Bc7 17. Bd2 Nh7 18. g5 Nhf8 19. h4 f6 20. Bh3 e5 21. Rf2 Qe7 22. Rg2 exd4 23. exd4 f5 24. Re2 Qf7 25. Qd3 Ba5 26. Rae1 b6 27. b4 Bxb4 28. Nxd5 Rxe2 29. Rxe2 Qxd5 30. Bg2 Qxd4+ 31. Qxd4 Bxc5 32. Bc3 Kf7 33. Re7+ Kxe7 34. Bb4 Ne6 35. Bxc5+ Ndxc5 36. Qe3 Rd8 37. Bxc6 Rd1+ 38. Kh2 Rd6 39. Bb5 Ne4 40. Qa3 a5 41. Bd3 N4c5 42. Bc4 Nxf4 43. Qe3+ Nfe6 44. Bxe6 Rxe6 45. Qd4 Kf7 46. Qd8 a4 47. Qd4 Kg8 48. h5 Kh7 49. Kg1 gxh5 50. Qf4 Rg6 51. Kh2 Ne6 52. Kh3 Nxg5+ 53. Kh4 Kh6 54. a3 b5 55. Qf1 b4 56. axb4 a3 57. Qc1 a2 0-1

[Event "Novi Sad op"]
[Site "Novi Sad"]
[Date "2014.07.02"]
[Round "9"]
[White "Cengija, Vanja"]
[Black "Martorelli, Antonio"]
[Result "1-0"]
[WhiteElo "2263"]
[BlackElo "2269"]
[PlyCount "24"]
[EventDate "2014.06.27"]
[EventType "swiss"]
[EventRounds "10"]
[EventCountry "SRB"]
[SourceTitle "EXT 2016"]
[Source "ChessBase"]
[SourceDate "2015.10.08"]
[SourceVersion "1"]
[SourceVersionDate "2015.10.08"]
[SourceQuality "1"]

1. d4 Nf6 2. c4 g6 3. Nc3 Bg7 4. Nf3 d6 5. Bg5 h6 6. Bh4 g5 7. Bg3 Nh5 8. e3 c5 9. Be2 Nd7 10. 0-0 g4 11. Nh4 Nxg3 12. hxg3 cxd4 1-0

[Event "Novi Sad op"]
[Site "Novi Sad"]
[Date "2014.07.02"]
[Round "8"]
[White "Popchev, Milko"]
[Black "Cengija, Vanja"]
[Result "0-1"]
[WhiteElo "2331"]
[BlackElo "2263"]
[PlyCount "66"]
[EventDate "2014.06.27"]
[EventType "swiss"]
[EventRounds "10"]
[EventCountry "SRB"]
[SourceTitle "EXT 2016"]
[Source "ChessBase"]
[SourceDate "2015.10.08"]
[SourceVersion "1"]
[SourceVersionDate "2015.10.08"]
[SourceQuality "1"]

1. d4 d5 2. c4 dxc4 3. Nf3 Nf6 4. e3 Bg4 5. Bxc4 e6 6. h3 Bh5 7. 0-0 Nbd7 8. b3 Be7 9. Bb2 0-0 10. Be2 a5 11. Nc3 Nd5 12. Nd2 Bg6 13. Bf3 c6 14. Nc4 b5 15. Ne5 Nxe5 16. dxe5 Qb6 17. Ne4 Bxe4 18. Bxe4 Rfd8 19. Qe2 a4 20. Rac1 axb3 21. axb3 Ra2 22. Bb1 Ra6 23. Bd4 Qb8 24. Rfd1 g6 25. e4 Nb4 26. Bb2 Ra7 27. g3 Rad7 28. Rxd7 Rxd7 29. h4 Qd8 30. Bc3 Na6 31. Bc2 Bb4 32. Bxb4 Nxb4 33. Rd1 Rd4 0-1

[Event "Novi Sad Winter op"]
[Site "Novi Sad"]
[Date "2014.01.14"]
[Round "7"]
[White "Cengija, Vanja"]
[Black "Lukovic, Vladimir"]
[Result "0-1"]
[WhiteElo "2255"]
[BlackElo "2396"]
[PlyCount "114"]
[EventDate "2014.01.10"]
[EventType "swiss"]
[EventRounds "9"]
[EventCountry "SRB"]
[SourceTitle "CBM 158 Extra"]
[Source "ChessBase"]
[SourceDate "2014.02.28"]
[SourceVersion "1"]
[SourceVersionDate "2014.02.28"]
[SourceQuality "1"]

1. d4 d5 2. c4 c6 3. Nc3 Nf6 4. e3 g6 5. Nf3 Bg7 6. Be2 0-0 7. 0-0 a6 8. Bd2 e6 9. Qb3 Nbd7 10. Rfc1 Rb8 11. a4 a5 12. Qc2 b6 13. cxd5 exd5 14. Nb1 Bb7 15. b4 axb4 16. Bxb4 c5 17. Ba3 Re8 18. Nc3 Ne4 19. Qd1 Nxc3 20. Rxc3 c4 21. Rcc1 Ra8 22. Nd2 Ra6 23. Nb1 Nc5 24. Bxc5 bxc5 25. Nc3 cxd4 26. exd4 Qb6 27. Rab1 Qxd4 28. Rxb7 Qxd1+ 29. Rxd1 Bxc3 30. Bf3 Rd6 31. g3 d4 32. Rc7 Rf6 33. Kg2 Re5 34. Rxc4 h5 35. Rc6 Rff5 36. Rd3 Re1 37. Bd1 Kg7 38. Rb6 Kf8 39. Rb7 Rfe5 40. Bb3 Re7 41. Rxe7 Rxe7 42. h4 Rb7 43. Bc4 Rb4 44. Bb5 Rb1 45. Kf3 f5 46. Kf4 Rf1 47. Kf3 Re1 48. Bc6 Ke7 49. Bb5 Kf6 50. Bc6 Ke7 51. Kf4 Rb1 52. Kg5 Kf7 53. Bd5+ Kg7 54. Kf4 Ra1 55. Bb3 Ra3 56. Bd1 Kf6 57. f3 Bb2 0-1

[Event "Novi Sad Winter op"]
[Site "Novi Sad"]
[Date "2014.01.12"]
[Round "5"]
[White "Cengija, Vanja"]
[Black "Radulovic, Bojan"]
[Result "1-0"]
[WhiteElo "2255"]
[BlackElo "2235"]
[PlyCount "115"]
[EventDate "2014.01.10"]
[EventType "swiss"]
[EventRounds "9"]
[EventCountry "SRB"]
[SourceTitle "CBM 158 Extra"]
[Source "ChessBase"]
[SourceDate "2014.02.28"]
[SourceVersion "1"]
[SourceVersionDate "2014.02.28"]
[SourceQuality "1"]

1. d4 c5 2. d5 b5 3. Nf3 d6 4. c4 b4 5. a3 Na6 6. axb4 Nxb4 7. Nc3 e5 8. dxe6 Bxe6 9. e4 Nf6 10. Be2 Be7 11. 0-0 h6 12. Nd2 Nd7 13. Nd5 Bxd5 14. cxd5 0-0 15. Ra3 Bf6 16. f4 Bd4+ 17. Kh1 f5 18. exf5 Nb6 19. Bf3 Qf6 20. Ne4 Qxf5 21. Nxd6 Qd7 22. Ne4 N6xd5 23. Bd2 Rad8 24. Qb3 Kh8 25. g3 Qb5 26. Rb1 Qb6 27. Nc3 Nc7 28. Ne4 Ncd5 29. Qc4 Nf6 30. Bc3 Nc2 31. Rb3 Ne3 32. Qa4 Qe6 33. Nxf6 Rxf6 34. Re1 Qh3 35. Bxd4 cxd4 36. Rd3 Nf1 37. Re8+ Rf8 38. Rxf8+ Rxf8 39. Kg1 Ne3 40. Qa1 h5 41. Rd2 h4 42. Bg2 Qg4 43. Qe1 h3 44. Bf1 Rxf4 45. Bxh3 Qg5 46. Bg2 Rf8 47. Qe2 Qc5 48. Qe1 Nc4 49. Rd1 Nxb2 50. Rc1 Qb6 51. Qd2 d3+ 52. Kh1 Qf6 53. Qb4 Rd8 54. Rf1 Qd4 55. Rf8+ Kh7 56. Be4+ Kh6 57. Rh8+ Rxh8 58. Qxd4 1-0

[Event "Novi Sad Zanosh 2nd"]
[Site "Novi Sad"]
[Date "2013.10.24"]
[Round "6"]
[White "Cengija, Vanja"]
[Black "Drazic, Sinisa"]
[Result "0-1"]
[WhiteElo "2236"]
[BlackElo "2472"]
[PlyCount "98"]
[EventDate "2013.10.21"]
[EventType "tourn"]
[EventRounds "9"]
[EventCountry "SRB"]
[EventCategory "2"]
[SourceTitle "EXT 2014"]
[Source "ChessBase"]
[SourceDate "2013.11.20"]
[SourceVersion "1"]
[SourceVersionDate "2013.11.20"]
[SourceQuality "1"]

1. d4 d5 2. c4 e6 3. Nc3 Nf6 4. Nf3 c5 5. cxd5 Nxd5 6. e4 Nxc3 7. bxc3 cxd4 8. cxd4 Bb4+ 9. Bd2 Bxd2+ 10. Qxd2 0-0 11. Bc4 Nc6 12. 0-0 b6 13. Rfd1 Bb7 14. Qf4 Qf6 15. Qe3 Rfd8 16. Rac1 Rac8 17. a3 Ne7 18. g3 Qg6 19. Re1 Qh5 20. Ne5 Ng6 21. Nf3 h6 22. Bf1 Qa5 23. Bh3 Rxc1 24. Rxc1 b5 25. Rc5 a6 26. Bg2 Rd7 27. h4 Qd8 28. Bh3 Rc7 29. h5 Nf8 30. Rxc7 Qxc7 31. Bg2 Nd7 32. Kh2 Nf6 33. Ne5 Qxe5 34. dxe5 Ng4+ 35. Kg1 Nxe3 36. fxe3 a5 37. Bf1 b4 38. axb4 axb4 39. Bd3 Kf8 40. Kf2 Ke7 41. Ke1 Kd7 42. Kd2 Kc6 43. Kc2 Kc5 44. Kb3 Bc6 45. Bc2 Be8 46. Bd1 Bb5 47. Bg4 Bc4+ 48. Kc2 Bf1 49. Bf3 Kc4 0-1

[Event "Vojvodina-ch 4th"]
[Site "Novi Sad"]
[Date "2013.07.02"]
[Round "7"]
[White "Doric, Nenad"]
[Black "Cengija, Vanja"]
[Result "1/2-1/2"]
[WhiteElo "2283"]
[BlackElo "2226"]
[PlyCount "33"]
[EventDate "2013.06.28"]
[EventType "swiss"]
[EventRounds "9"]
[EventCountry "SRB"]
[SourceTitle "CBM 155 Extra"]
[Source "ChessBase"]
[SourceDate "2013.08.26"]
[SourceVersion "1"]
[SourceVersionDate "2013.08.26"]
[SourceQuality "1"]

1. e4 Nf6 2. e5 Nd5 3. d4 d6 4. Nf3 dxe5 5. Nxe5 c6 6. Be2 g6 7. 0-0 Bg7 8. c3 0-0 9. Re1 Nd7 10. Nd3 e5 11. dxe5 Nxe5 12. Nxe5 Bxe5 13. Nd2 Nf4 14. Bf1 Bc7 15. Ne4 Bf5 16. Qf3 Nd5 17. Ng3 1/2-1/2

[Event "NOR-chT lag"]
[Site "Tromsoe"]
[Date "2013.02.22"]
[Round "3"]
[White "Knutsen, Paal Egil"]
[Black "Cengija, Vanja"]
[Result "0-1"]
[WhiteElo "1239"]
[BlackElo "2175"]
[PlyCount "44"]
[EventDate "2013.02.22"]
[EventType "team-swiss"]
[EventRounds "5"]
[EventCountry "NOR"]
[SourceTitle "CBM 153 Extra"]
[Source "ChessBase"]
[SourceDate "2013.04.22"]
[SourceVersion "1"]
[SourceVersionDate "2013.04.22"]
[SourceQuality "1"]

1. c4 e5 2. Nc3 Nc6 3. g3 Nf6 4. Bg2 Bc5 5. e3 d6 6. Nge2 Bg4 7. f3 Bf5 8. d4 exd4 9. exd4 Bb6 10. Bg5 h6 11. Bxf6 Qxf6 12. Nd5 Qd8 13. b4 a5 14. Nxb6 cxb6 15. a3 axb4 16. a4 0-0 17. Kf2 Na5 18. Nc1 Nxc4 19. Re1 Rc8 20. Bf1 Qf6 21. Bxc4 Rxc4 22. Nb3 Bc2 0-1

[Event "NOR-chT Nord"]
[Site "Tromsoe"]
[Date "2012.02.24"]
[Round "3"]
[White "Schjelderup, Nils Jakob"]
[Black "Cengija, Vanja"]
[Result "0-1"]
[WhiteElo "1933"]
[BlackElo "2267"]
[PlyCount "42"]
[EventDate "2012.02.24"]
[EventType "team-tourn"]
[EventRounds "5"]
[EventCountry "NOR"]
[SourceTitle "EXT 2015"]
[Source "ChessBase"]
[SourceDate "2014.11.20"]
[SourceVersion "1"]
[SourceVersionDate "2014.11.20"]
[SourceQuality "1"]

1. e4 c5 2. Nc3 a6 3. f4 b5 4. Nf3 Bb7 5. d3 e6 6. Qe2 Nf6 7. g3 Nc6 8. Bg2 b4 9. Nd1 Nd4 10. Nxd4 cxd4 11. c3 bxc3 12. bxc3 dxc3 13. Nxc3 Bb4 14. Bd2 Rc8 15. Nb1 Rc1+ 16. Kf2 Qb6+ 17. Be3 Bc5 18. Bxc5 Qxc5+ 19. Kf3 Rxh1 20. Bxh1 Qd4 21. Nc3 Qxc3 0-1

[Event "NOR-chT 1112"]
[Site "Norway"]
[Date "2011.11.06"]
[Round "3"]
[White "Cengija, Vanja"]
[Black "Bjerke, Silje"]
[Result "1/2-1/2"]
[WhiteElo "2267"]
[BlackElo "2219"]
[PlyCount "109"]
[EventDate "2011.11.04"]
[EventType "team-tourn"]
[EventRounds "9"]
[EventCountry "NOR"]
[SourceTitle "EXT 2013"]
[Source "ChessBase"]
[SourceDate "2012.11.22"]
[SourceVersion "1"]
[SourceVersionDate "2012.11.22"]
[SourceQuality "1"]
[WhiteTeam "Tromsoe"]
[BlackTeam "Oslo SK 1911"]
[WhiteTeamCountry "NOR"]
[BlackTeamCountry "NOR"]

1. d4 d5 2. c4 e5 3. dxe5 d4 4. Nf3 Nc6 5. g3 Nge7 6. Bg2 Ng6 7. Bg5 Qd7 8. e6 fxe6 9. 0-0 h6 10. Bc1 e5 11. Nbd2 Qf7 12. a3 a5 13. e3 Be6 14. Qa4 Rd8 15. h4 Bd7 16. Qb3 Bd6 17. exd4 exd4 18. Ne4 Be7 19. Qxb7 0-0 20. Qxc7 Qxc4 21. h5 Nh8 22. Ne5 Nxe5 23. Qxe5 Be6 24. Bf4 Rf5 25. Qc7 Qxc7 26. Bxc7 Rd7 27. Bf4 Rxh5 28. Rfe1 Ng6 29. Bd2 Bf7 30. f4 Rb5 31. b4 axb4 32. axb4 Rd8 33. Bf1 d3 34. Ra5 Rxb4 35. f5 Nf8 36. f6 gxf6 37. Nxf6+ Bxf6 38. Bxb4 d2 39. Rd1 Bg5 40. Rxg5+ hxg5 41. Rxd2 Rxd2 42. Bxd2 Ne6 43. Kf2 Kg7 44. Ke3 Bg6 45. Bb4 Kf6 46. Bc3+ Ke7 47. Be2 Bf5 48. Be5 Kf7 49. Kd2 Nc5 50. Kc3 Ke6 51. Bc7 Kd5 52. Kd2 Nb3+ 53. Kc3 Nc5 54. Bf3+ Be4 55. Bh5 1/2-1/2

[Event "NOR-ch North"]
[Site "Tromsoe"]
[Date "2011.06.10"]
[Round "6"]
[White "Royset, Pal"]
[Black "Cengija, Vanja"]
[Result "0-1"]
[WhiteElo "2160"]
[BlackElo "2174"]
[PlyCount "64"]
[EventDate "2011.06.10"]
[EventType "swiss"]
[EventRounds "6"]
[EventCountry "NOR"]
[SourceTitle "EXT 2023"]
[Source "ChessBase"]
[SourceDate "2022.10.05"]
[SourceVersion "1"]
[SourceVersionDate "2022.10.05"]
[SourceQuality "1"]

1. e4 Nf6 2. e5 Nd5 3. d4 d6 4. Nf3 dxe5 5. Nxe5 c6 6. g3 Bf5 7. Bg2 Nd7 8. Nc4 N7b6 9. Na5 Qd7 10. 0-0 e6 11. a3 Rd8 12. Qe2 Be7 13. h3 0-0 14. c4 Nf6 15. Rd1 e5 16. g4 Bxb1 17. Rxb1 exd4 18. Be3 Qe6 19. Rd3 Nxc4 20. Nxc4 Qxc4 21. Bf4 Rfe8 22. Qd2 Qc5 23. Rb3 Bd6 24. Bg5 Rd7 25. Rc1 Qe5 26. f4 Qe6 27. Qd3 h6 28. f5 Qe5 29. Bd2 Rde7 30. Kf1 Qh2 31. Qf3 Ne4 32. Be1 Ng5 0-1

[Event "NOR-chT Nord"]
[Site "Tromsoe"]
[Date "2011.02.22"]
[Round "1"]
[White "Royset, Pal"]
[Black "Cengija, Vanja"]
[Result "0-1"]
[WhiteElo "2179"]
[BlackElo "2240"]
[PlyCount "126"]
[EventDate "2011.02.22"]
[EventType "team-tourn"]
[EventRounds "5"]
[EventCountry "NOR"]
[SourceTitle "EXT 2015"]
[Source "ChessBase"]
[SourceDate "2014.11.20"]
[SourceVersion "1"]
[SourceVersionDate "2014.11.20"]
[SourceQuality "1"]

1. e4 Nf6 2. e5 Nd5 3. Nc3 Nxc3 4. dxc3 d6 5. exd6 exd6 6. Nf3 Be7 7. h3 Bf5 8. Nd4 Bg6 9. Qf3 c6 10. Bf4 0-0 11. 0-0-0 d5 12. h4 Bxh4 13. Bd3 Bg5 14. Bxg5 Qxg5+ 15. Kb1 Nd7 16. Qh3 Nf6 17. Bxg6 Qxg6 18. f3 Rfe8 19. g4 Qg5 20. Rdg1 g6 21. Qh2 Qe5 22. Qh6 Qe7 23. Nf5 Qf8 24. Qh4 Re6 25. g5 Nh5 26. Nh6+ Kh8 27. Qd4+ f6 28. Ng4 Rae8 29. b4 b6 30. a3 c5 31. Qxd5 Nf4 32. Qc4 fxg5 33. Rd1 R8e7 34. Nf2 Ng2 35. Ng4 h5 36. Qd3 Kg7 37. Nf2 Re3 38. Qd5 R3e5 39. Qc6 R5e6 40. Qb5 Qxf3 41. Nd3 Ne3 42. Rdg1 Qe2 43. Rc1 Nd5 44. Kb2 Nf4 45. Rcd1 Re3 46. Kb3 Nxd3 47. cxd3 Qf3 48. Rhf1 Qd5+ 49. Qc4 Qxc4+ 50. Kxc4 cxb4 51. axb4 g4 52. Kb5 g3 53. c4 h4 54. d4 g2 55. Rg1 h3 56. d5 Kf7 57. d6 Rd7 58. c5 bxc5 59. bxc5 Re5 60. Kc6 Ke6 61. Rge1 h2 62. Rxe5+ Kxe5 63. Kxd7 g1Q 0-1

[Event "NOR-ch Nord"]
[Site "Tromsoe"]
[Date "2010.05.21"]
[Round "3"]
[White "Cengija, Vanja"]
[Black "Hanssen, Gunnar Berg"]
[Result "1/2-1/2"]
[WhiteElo "2241"]
[BlackElo "2212"]
[PlyCount "82"]
[EventDate "2010.05.21"]
[EventType "swiss"]
[EventRounds "6"]
[EventCountry "NOR"]
[SourceTitle "EXT 2012"]
[Source "ChessBase"]
[SourceDate "2011.11.24"]
[SourceVersion "1"]
[SourceVersionDate "2011.11.24"]
[SourceQuality "1"]

1. Nf3 Nf6 2. c4 e6 3. Nc3 Bb4 4. Qc2 0-0 5. a3 Bxc3 6. Qxc3 b6 7. g3 Bb7 8. Bg2 d6 9. d3 Nbd7 10. b4 a5 11. Bb2 axb4 12. axb4 Rxa1+ 13. Bxa1 Ne5 14. Nh4 Qa8 15. 0-0 Bxg2 16. Nxg2 Qb7 17. Ne3 Ra8 18. d4 Ned7 19. d5 Qc8 20. Nc2 Ne5 21. f4 Ng6 22. Ne3 Ne7 23. Qd3 exd5 24. Bxf6 gxf6 25. f5 dxc4 26. Qxc4 Kf8 27. Qd4 Ng8 28. Nd5 c5 29. Qf4 Qc6 30. e4 cxb4 31. Rc1 Qb7 32. Qxd6+ Kg7 33. Qxb4 Rc8 34. Rb1 Rc2 35. Qd4 Qc6 36. Qe3 Qc4 37. Nf4 Rc3 38. Qxb6 Qxe4 39. Rf1 Rc2 40. Qa7 Qxf5 41. Re1 Qc5+ 1/2-1/2

[Event "NOR-ch Nord"]
[Site "Tromsoe"]
[Date "2010.05.21"]
[Round "5"]
[White "Cengija, Vanja"]
[Black "Royset, Pal"]
[Result "1-0"]
[WhiteElo "2241"]
[BlackElo "2174"]
[PlyCount "57"]
[EventDate "2010.05.21"]
[EventType "swiss"]
[EventRounds "6"]
[EventCountry "NOR"]
[SourceTitle "EXT 2012"]
[Source "ChessBase"]
[SourceDate "2011.11.24"]
[SourceVersion "1"]
[SourceVersionDate "2011.11.24"]
[SourceQuality "1"]

1. d4 Nf6 2. c4 g6 3. Nc3 Bg7 4. e4 d6 5. Nf3 0-0 6. Be2 e5 7. 0-0 Na6 8. Re1 exd4 9. Nxd4 Nc5 10. Bf1 Re8 11. f3 a5 12. Be3 c6 13. Qd2 Qc7 14. Nc2 Be6 15. e5 Nfd7 16. exd6 Qb8 17. Rad1 f5 18. Qf2 Na6 19. c5 Qa7 20. Na4 Rad8 21. b3 Bf7 22. Bg5 Rxe1 23. Rxe1 Bf6 24. Bxf6 Nxf6 25. Bc4 Bxc4 26. bxc4 Nb8 27. Re7 Nbd7 28. Qe3 Qa6 29. Qh6 1-0

[Event "NOR-chT 0809"]
[Site "Norway"]
[Date "2008.11.07"]
[Round "1"]
[White "Cengija, Vanja"]
[Black "Hobber, Anders"]
[Result "0-1"]
[WhiteElo "2267"]
[BlackElo "1995"]
[PlyCount "84"]
[EventDate "2008.11.07"]
[EventType "team-tourn"]
[EventRounds "11"]
[EventCountry "NOR"]
[SourceTitle "EXT 2010"]
[Source "ChessBase"]
[SourceDate "2010.11.25"]
[SourceVersion "1"]
[SourceVersionDate "2010.11.25"]
[SourceQuality "1"]

1. d4 e6 2. c4 d5 3. Nc3 c6 4. Nf3 dxc4 5. a4 Bb4 6. e3 b5 7. Ne5 Bb7 8. Qf3 Qc7 9. Qg4 g6 10. Be2 Nd7 11. Nxd7 Qxd7 12. 0-0 a6 13. Rd1 Nf6 14. Qh4 Be7 15. Qh6 Bf8 16. Qf4 Nd5 17. Qe5 Nxc3 18. bxc3 Rg8 19. e4 0-0-0 20. Be3 f5 21. d5 exd5 22. exd5 Bd6 23. Qd4 c5 24. Qd2 g5 25. f3 Rde8 26. Bf1 f4 27. Bf2 h5 28. axb5 axb5 29. Rdb1 g4 30. Ra5 gxf3 31. Raxb5 fxg2 32. Bxc4 f3 33. Bxc5 Bxh2+ 34. Kxh2 Qg4 35. Bf2 Qxc4 36. Rc5+ Qxc5 37. Bxc5 Re2 38. Qxe2 fxe2 39. Re1 Bxd5 40. Rxe2 Bf3 41. Re5 g1Q+ 42. Bxg1 Rg2+ 0-1

[Event "Oslo-ch"]
[Site "Oslo"]
[Date "2008.04.06"]
[Round "4"]
[White "Cengija, Vanja"]
[Black "Mihajlov, Svetoslav"]
[Result "1-0"]
[WhiteElo "2244"]
[BlackElo "1995"]
[PlyCount "65"]
[EventDate "2008.04.04"]
[EventType "swiss"]
[EventRounds "4"]
[EventCountry "NOR"]
[SourceTitle "EXT 2010"]
[Source "ChessBase"]
[SourceDate "2010.11.25"]
[SourceVersion "1"]
[SourceVersionDate "2010.11.25"]
[SourceQuality "1"]

1. d4 d5 2. c4 c6 3. Nc3 Nf6 4. e3 e6 5. Nf3 Nbd7 6. Qc2 Be7 7. Bd2 0-0 8. g4 Nxg4 9. h3 Ngf6 10. Rg1 Kh8 11. 0-0-0 dxc4 12. e4 b5 13. e5 Nd5 14. Ne4 f5 15. exf6 gxf6 16. Bh6 Rg8 17. Be2 Rg6 18. Rxg6 hxg6 19. Nh4 f5 20. Nxg6+ Kh7 21. Nxe7 Qxe7 22. Bg5 Qg7 23. Rg1 Qxd4 24. Rg4 Nb4 25. Rh4+ Kg7 26. Bh6+ Kg8 27. Qd2 Qxd2+ 28. Bxd2 Nd3+ 29. Bxd3 cxd3 30. Nd6 Nb6 31. Bc3 Kf8 32. Bf6 d2+ 33. Kd1 1-0

[Event "Vojvodina-chT"]
[Site "Pancevo"]
[Date "2007.09.27"]
[Round "5"]
[White "Rezic, Goran"]
[Black "Cengija, Vanja"]
[Result "0-1"]
[WhiteElo "2187"]
[BlackElo "2290"]
[PlyCount "84"]
[EventDate "2007.09.24"]
[EventType "team-tourn"]
[EventRounds "9"]
[EventCountry "SRB"]
[SourceTitle "EXT 2023"]
[Source "ChessBase"]
[SourceDate "2022.10.05"]
[SourceVersion "1"]
[SourceVersionDate "2022.10.05"]
[SourceQuality "1"]

1. d4 d5 2. c4 dxc4 3. Nf3 Nf6 4. e3 e6 5. Bxc4 a6 6. a4 c5 7. Nc3 Nc6 8. 0-0 Qc7 9. Qe2 Bd6 10. Rd1 0-0 11. h3 b6 12. dxc5 bxc5 13. e4 Ne5 14. Nxe5 Bxe5 15. Bg5 Bb7 16. Bd3 h6 17. Be3 Rfd8 18. Rac1 Bd4 19. b4 Bxe3 20. Qxe3 cxb4 21. e5 bxc3 22. exf6 Rac8 23. fxg7 Kxg7 24. Qe2 Qc6 25. Qg4+ Kf8 26. f3 Qc5+ 27. Kh1 Rd4 28. Qg3 Rcd8 29. Bc2 Rxd1+ 30. Bxd1 Qe3 31. Ra1 Qc5 32. Bc2 Rd2 33. Rc1 Qd5 34. Kh2 Qxf3 35. Qxf3 Bxf3 36. Kg3 Bd5 37. Kf4 Bxg2 38. h4 Rd4+ 39. Kg3 Be4 40. Bb3 c2 41. Kf4 Bf5+ 42. Ke5 Rb4 0-1

[Event "Vojvodina-chT"]
[Site "Sremska Mitrovica"]
[Date "2006.09.27"]
[Round "8"]
[White "Cengija, Vanja"]
[Black "Brajic, Djordje"]
[Result "1/2-1/2"]
[WhiteElo "2304"]
[BlackElo "2257"]
[PlyCount "111"]
[EventDate "2006.09.22"]
[EventType "team"]
[EventRounds "9"]
[EventCountry "YUG"]
[SourceTitle "CBM 114 Extra"]
[Source "ChessBase"]
[SourceDate "2006.11.03"]
[SourceVersion "1"]
[SourceVersionDate "2006.11.03"]
[SourceQuality "1"]

1. d4 Nf6 2. c4 e6 3. Nf3 d5 4. Nc3 c6 5. e3 Bd6 6. Qc2 Nbd7 7. Bd3 0-0 8. 0-0 e5 9. cxd5 cxd5 10. e4 exd4 11. Nxd5 Nxd5 12. exd5 h6 13. Nxd4 Qh4 14. Nf3 Qh5 15. Bh7+ Kh8 16. Qf5 g5 17. h4 f6 18. Bg6 Nb6 19. Qxc8 Qxg6 20. Qe6 Bc5 21. Ne5 Qh7 22. Ng4 Rae8 23. Nxf6 Bxf2+ 24. Rxf2 Rxe6 25. dxe6 Qd3 26. Bd2 Nd5 27. Nxd5 Rxf2 28. Bc3+ Kg8 29. Kxf2 Qxd5 30. Re1 Qc5+ 31. Re3 Kf8 32. e7+ Ke8 33. hxg5 hxg5 34. a3 g4 35. g3 Qf5+ 36. Ke1 Qc2 37. Bd4 Qc1+ 38. Ke2 Qc4+ 39. Rd3 Kxe7 40. Kd2 a6 41. Bc3 Ke6 42. Rd4 Qf1 43. Re4+ Kd5 44. Rd4+ Kc5 45. Rd3 Qf2+ 46. Kc1 Qe2 47. Rd2 Qe1+ 48. Kc2 Qxg3 49. b3 Qe3 50. Ba5 g3 51. Rd3 Qxd3+ 52. Kxd3 g2 53. Bd2 g1Q 54. Be3+ Qxe3+ 55. Kxe3 a5 56. Kd3 1/2-1/2

[Event "Vojvodina-chT"]
[Site "Sremska Mitrovica"]
[Date "2006.09.24"]
[Round "4"]
[White "Cengija, Vanja"]
[Black "Bulajic, Ratko"]
[Result "1/2-1/2"]
[WhiteElo "2304"]
[BlackElo "2286"]
[PlyCount "64"]
[EventDate "2006.09.22"]
[EventType "team"]
[EventRounds "9"]
[EventCountry "YUG"]
[SourceTitle "CBM 114 Extra"]
[Source "ChessBase"]
[SourceDate "2006.11.03"]
[SourceVersion "1"]
[SourceVersionDate "2006.11.03"]
[SourceQuality "1"]

1. d4 Nf6 2. c4 g6 3. Nc3 Bg7 4. e4 d6 5. Nf3 0-0 6. Be2 e5 7. 0-0 Nbd7 8. Re1 c6 9. Bf1 h6 10. Rb1 exd4 11. Nxd4 Re8 12. Nc2 Nc5 13. f3 a5 14. Be3 Ne6 15. Qd2 Kh7 16. Rbd1 Bf8 17. Qf2 Nd7 18. f4 Qe7 19. Bc1 Bg7 20. g3 a4 21. a3 Ndc5 22. Bg2 Nb3 23. Be3 Nec5 24. h3 Be6 25. Bxc5 Nxc5 26. Ne3 Bd7 27. Qd2 Rad8 28. Qxd6 Qxd6 29. Rxd6 Bxc3 30. bxc3 Nxe4 31. Bxe4 Rxe4 32. Kf2 Kg7 1/2-1/2

[Event "DDS League and op 12th"]
[Site "Tuzla"]
[Date "2006.09.18"]
[Round "6"]
[White "Cengija, Vanja"]
[Black "Nezirovic, Ozren"]
[Result "1-0"]
[WhiteElo "2304"]
[BlackElo "2111"]
[PlyCount "67"]
[EventDate "2006.09.15"]
[EventType "team"]
[EventRounds "9"]
[EventCountry "BIH"]
[SourceTitle "CBM 114 Extra"]
[Source "ChessBase"]
[SourceDate "2006.11.03"]
[SourceVersion "1"]
[SourceVersionDate "2006.11.03"]
[SourceQuality "1"]

1. d4 g6 2. c4 Bg7 3. e4 c5 4. d5 d6 5. Bd3 Nf6 6. Nc3 0-0 7. Nf3 e6 8. h3 exd5 9. cxd5 Re8 10. 0-0 Na6 11. Re1 Nb4 12. Bf1 Rb8 13. Bf4 Nh5 14. Bh2 f5 15. a3 Na6 16. exf5 Rxe1 17. Nxe1 Nc7 18. fxg6 hxg6 19. Nf3 b5 20. Ne4 Rb6 21. Qd2 Bf5 22. Nc3 Nf6 23. Re1 b4 24. Na4 Rb7 25. Bc4 Kh8 26. Ng5 Qd7 27. b3 Nh7 28. axb4 Nxg5 29. Qxg5 Rxb4 30. Re7 Qxa4 31. bxa4 Rb1+ 32. Bf1 Bd3 33. Bxd6 Rxf1+ 34. Kh2 1-0

[Event "DDS League and op 12th"]
[Site "Tuzla"]
[Date "2006.09.16"]
[Round "3"]
[White "Nurkic, Sahbaz"]
[Black "Cengija, Vanja"]
[Result "1-0"]
[WhiteElo "2395"]
[BlackElo "2304"]
[PlyCount "63"]
[EventDate "2006.09.15"]
[EventType "team"]
[EventRounds "9"]
[EventCountry "BIH"]
[SourceTitle "CBM 114 Extra"]
[Source "ChessBase"]
[SourceDate "2006.11.03"]
[SourceVersion "1"]
[SourceVersionDate "2006.11.03"]
[SourceQuality "1"]

1. e4 c5 2. Nf3 d6 3. Bb5+ Nd7 4. 0-0 Ngf6 5. Re1 a6 6. Bf1 e5 7. c3 Be7 8. d4 0-0 9. a4 h6 10. a5 Re8 11. d5 Nf8 12. Nbd2 N6h7 13. Nc4 Ng5 14. Nxg5 Bxg5 15. Bxg5 hxg5 16. b4 Qc7 17. Qd2 Nh7 18. Qe3 Bd7 19. bxc5 dxc5 20. Rab1 Rad8 21. Rb6 Bb5 22. Rb1 Nf6 23. Nd2 Bxf1 24. Kxf1 Nd7 25. Rxb7 Qxa5 26. Nc4 Qa4 27. Nd6 Rf8 28. Qxg5 Rb8 29. g3 Rxb7 30. Rxb7 Nf6 31. Nf5 Qd1+ 32. Kg2 1-0